000 00361 a2200157 4500
001 44161
020 _a8534702306
040 _cAnchieta - Aquarius
100 _aAlmeida, Gercilga de.
240 1 0 _aBruna e a galinha d´angola
_lpor
245 1 0 _aBruna e a galinha d´angola
300 _a24
362 0 _a2003
650 4 _aLiteratura juvenil
942 _cBK
999 _c44161
_d44161